ბათუმის შოთა რუსთაველის სახელმწიფო უნივერსიტეტის ბიბლიოთეკა

საქართველო–ოსმალეთის ისტორიის ნარკვევები (XIV-XVIII ს.ს) / (ბიბ.ჩანაწერი № 36751)

000 -ლიდერი
ფიქსირებული სიგრძის საკონტროლო ველი 01452nam a2200277Ia 4500
001 - საკონტროლო ნომერი
საკონტროლო ველი 2689
003 - საკონტროლო ნომრის იდენტიფიკატორი
საკონტროლო ველი GE_BSU
005 - ბოლო ოპერაციის თარიღი და დრო
საკონტროლო ველი 20220530121857.0
008 - ფიქსირებული სიგრძის მონაცემთა ელემენტები - ზოგადი ინფორმაცია
ფიქსირებული სიგრძის საკონტროლო ველი 181216s1990||||ge |||||||||||||| ||geo||
020 ## - წიგნის საერთაშორისო სტანდარტული ნომერი
International Standard Book Number 5520004549
040 ## - კატალოგიზაციის წყარო
Transcribing agency GE_BSU
041 ## - ენის კოდი
Language code of text/sound track or separate title geo
080 ## - უნივერსალური ათობითი კლასიფიკაციის ინდექსი
Universal Decimal Classification number 94(479.22)+94(560) ს–45
100 ## - მთავარი ჩანაწერი - პიროვნების სახელი
Personal name სვანიძე, მიხელ
9 (RLIN) 13882
245 ## - ცნობა სათაურის შესახებ
Title საქართველო–ოსმალეთის ისტორიის ნარკვევები (XIV-XVIII ს.ს) /
Statement of responsibility, etc [რედ.: ო. ცქიტიშვილი] ; საქ. სსრ მეცნ. აკად., აღმოსავლეთმცოდნ. ინ-ტი.
264 ## - წარმოების, გამოცემის, დისტრიბუციის და სხვა ცნობები
გამოცემის, წარმოების, დისტრიბუციის... ადგილი თბილისი :
გამოცემის, წარმოების, დისტრიბუციის... სახელწოდება მეცნიერბა,
გამოცემის, წარმოების, დისტრიბუციის... თარიღი 1990.
300 ## - ფიზიკური აღწერა
Extent 367 გვ.;
Other physical details 21 სმ.
501 ## - შენიშვნა თანმხლებ მასალაზე
With note საძიებელი: გვ. 350-366.
520 ## - SUMMARY, ETC.
Summary, etc რეზ. რუს.
653 ## - INDEX TERM--UNCONTROLLED
Uncontrolled term საქართველოს შუა საუკუნეების ისტორია -- 14-18 სს.
653 ## - INDEX TERM--UNCONTROLLED
Uncontrolled term საქართველოს ახალი ისტორია -- 18 ს.
653 ## - INDEX TERM--UNCONTROLLED
Uncontrolled term ოსმალეთის ისტორია -- 14-18 სს.
700 ## - ADDED ENTRY--PERSONAL NAME
Personal name ცქიტიშვილი, ო.
Relator term რედაქტორი
9 (RLIN) 10219
710 ## - ADDED ENTRY--CORPORATE NAME
Corporate name or jurisdiction name as entry element საქ. სსრ მეცნ. აკად., აღმოსავლეთმცოდნ. ინ-ტი.
9 (RLIN) 13883
942 ## - ADDED ENTRY ELEMENTS (KOHA)
Koha item type წიგნი
Source of classification or shelving scheme
ეგზემპლარები
ჩამოწერის სტატუსი დაკარგული ეგზემპლარის სტატუსი კლასიფიკაციის წყარო ან თაროზე გაწყობის სქემა დაზიანების სტატუსი არ გაიცემა მუდმივი მდებარეობა (დაცვის ადგილი) ამჟამინდელი ადგილსამყოფელი თაროზე განთავსების ადგილი შეძენის თარიღი ღირებულება, შესყიდვის ნორმალური ფასი სრული შენახვის შიფრი შტრიხკოდი ბოლო ოპერაციის თარიღი ეგზემპლარის მიმდევრობითი ნომერი (კეტერი?) ფასის ძალაში შესვლის თარიღი ეგზემპლარის სახეობა საჯარო შენიშვნა
          ბათუმის შოთა რუსთაველის სახელმწიფო უნივერსიტეტის მთავარი ბიბლიოთეკა ბათუმის შოთა რუსთაველის სახელმწიფო უნივერსიტეტის მთავარი ბიბლიოთეკა წიგნსაცავი 2018-12-17 10.00 94(479.22)+94(560) ს–45 1233 2018-12-17 1233 2018-12-17 წიგნი 10 ლ.